Statistics for U.S. States with Multiple Time Zones

Click here to take the quiz!

General Stats

  • This quiz has been taken 92 times
  • The average score is 11 of 15

Answer Stats

States% Correct
Texas
94%
Kansas
81%
North Dakota
76%
South Dakota
76%
Tennessee
76%
Michigan
72%
Nevada
72%
Alaska
71%
Kentucky
71%
Idaho
69%
Indiana
69%
Nebraska
69%
Florida
65%
Alabama
62%
Oregon
46%

Score Distribution

Percentile by Number Answered

Percent of People with Each Score

Your Score History

You have not taken this quiz